000 00384cam a2200157ua 4500
003 OSt
008 250104b |||||||| |||| 00| 0 eng d
041 _aeng
082 _a621.381078
_bNAV/EL
100 _aNavas, K .
_96769
245 _aElectronics Lab manual, Vol. 1 /
250 _a4 /
260 _aKochi :
_bRajath publication ,
_c2008.
300 _a415 ;
_e`.
942 _cBK
999 _c13055
_d13055